000 01145agaaa2200265 4500
001 1727
003 IT-RoPAU
005 20220918181309.0
007 d cvaizq
008 50131s9999||||xx ||| | || ||und||
040 _aIT-RoPAU
_cIT-RoPAU
041 _aITALIANO
100 _aPizzocchero Franco
_gCodice regista SPICS: 23159
_955447
130 _aPUBBLICITA'-BREVE VIAGGIO DI UN PRODOTTO NEL MONDO DELLA PUBBLICITA'
_955448
245 _aPUBBLICITA'-BREVE VIAGGIO DI UN PRODOTTO NEL MONDO DELLA PUBBLICITA'
_cProdotto da: Rai Tv Diretto da: Pizzocchero Franco
_pPUBBLICITA'-BREVE VIAGGIO DI UN PRODOTTO NEL MONDO DELLA PUBBLICITA' (Rif. Codice opera principale : 21727)
250 _aEdizione Standard
260 _aROMA (ITALIA)
_bRAI - RADIO TELEVISIONE ITALIANA /
_g"1982 (1° ed.: 1988 ; Ed. Lingua Orig.: 1982)"
300 _aVHS
_bsonoro, col.
_c30 minuti
520 _aFERMAGLIONI
538 _aPAL, STEREO
546 _aITALIANO
650 _aDIDATTICO
_eTV-PROGRAMMI DI PUBBLICITA' [VHS]
_xCodice MATERIA SPICS: 9968
_955449
700 _aPizzocchero Franco
_e(regista)
_gCodice regista SPICS: 23159
_955450
942 _cVH
_2ddc
999 _c108369
_d108369